La política de superación de la pobreza de la administración Arias Sánchez (2006-2010) /
Na minha lista:
| Autor principal: | |
|---|---|
| Formato: | Texto |
| Tags: |
Adicionar Tag
Sem tags, seja o primeiro a adicionar uma tag!
|
MARC
| LEADER | 00000 a a2200000 04500 | ||
|---|---|---|---|
| 001 | 47720 | ||
| 003 | |||
| 040 | |||
| 100 | |a Zumbado, Fernando | ||
| 245 | |a La política de superación de la pobreza de la administración Arias Sánchez (2006-2010) / |c Fernando Zumbado | ||
| 773 | |g páginas 9-20 | ||
| 999 | |c 37281 |d 37281 | ||
